Powiaty w Polsce na literę w - Statystyki

Ogólne statystyki
  • Ten quiz został rozwiązany 84 razy
    74 od ostatniego zresetowania
  • Średni wynik to 20 z 28
Statystyki odpowiedzi
Odpowiedź % Poprawnych
Wrocław
96%
wrocławski
96%
Warszawa
90%
wałbrzyski
80%
wałecki
80%
włocławski
78%
Wałbrzych
76%
wąbrzeski
73%
warszawski zachodni
73%
wyszkowski
73%
węgrowski
71%
wieluński
71%
Włocławek
71%
włodawski
71%
wodzisławski
71%
wągrowiecki
69%
wejherowski
69%
wołomiński
69%
wolsztyński
69%
Wadowicki
67%
włoszczowski
67%
wielicki
65%
węgorzewski
63%
wołowski
63%
wieruszowski
61%
wrzesiński
59%
wschowski
53%
wysokomazowiecki
51%
Nie znaleziono quizów pasujących do podanych kryteriów
Rozkład punktacji
Procent ludzi z każdym wynikiem
Percentyl według liczby udzielonych odpowiedzi
Twoja historia wyników
Nie rozwiązałeś tego quizu od ostatniego zresetowania